000 00297nam a22001337a 4500
008 181024b xxu||||| |||| 00| 0 eng d
020 _a9781435438897
041 _aeng
080 _210th
_a610
100 _a4
101 _aSHM
245 _aMedical Terminology
_cDennerll,J.T
942 _2udc
_cBK
999 _c50817
_d50817